| 000 | 02238nam a2200577 a 4500 | ||
|---|---|---|---|
| 005 | 20240325134826.0 | ||
| 008 | 100311s2015||||sp il. f |||| 001 0 spa d | ||
| 020 | _a9788490228784 | ||
| 041 | _aspa | ||
| 092 |
_c616.07 _l75 _sROB |
||
| 100 | 1 |
_aKumar, Vinay _9127 |
|
| 245 |
_aRobbins y Cotran. _bPatología estructural y funcional / _cVinay Kumar |
||
| 250 |
_a9a ed. versión en español de la obra original en inglés _bRevisión Científica F. Manzarbeitia Arambarri y Mª. Jesús Fernández-Aceñero |
||
| 260 |
_aBarcelona: _bElsevier ; Saunders; _c2015. |
||
| 300 |
_a1391 p. _bil. |
||
| 500 | _aKumar, V., Abbas, A. K. y Aster, J. C. (2015). Robbins y Cotran. Patología estructural y funcional. (9a ed.). Barcelona : Elsevier ; Saunders. | ||
| 590 | _aCompra PROMED 3er AÑO 2015 | ||
| 653 | _aLa celula como unidad de salud y enfermedad | ||
| 653 | _aRespuestas celulares al estres y las agresiones toxicas: adaptacion, lesion y muerte. | ||
| 653 | _aInflación aguda y reparacion | ||
| 653 | _aTrastornos hemodinámicos, enfermedad tromboembólica y shock | ||
| 653 | _aTrastornos genéticos | ||
| 653 | _aEnfermedades del sistema inmunitario | ||
| 653 | _aNeoplasias | ||
| 653 | _aEnfermedades infecciosas | ||
| 653 | _aEnfermedades ambientales y nutricionales | ||
| 653 | _aEnfermedades de la lactancia y la infancia | ||
| 653 | _aVasos sanguíneos | ||
| 653 | _aCorazón | ||
| 653 | _aEnfermedades de los leucocitos, ganglios linfáticos, bazo y timo | ||
| 653 | _aTrastornos de los eritrocitos y trastornos hemorrágicos | ||
| 653 | _aPulmón | ||
| 653 | _aCabeza y cuello | ||
| 653 | _aTubo digestivo | ||
| 653 | _aHígado y vesicula biliar | ||
| 653 | _aPáncreas | ||
| 653 | _aRiñón | ||
| 653 | _aVías urinarias bajas y aparato genital masculino | ||
| 653 | _aAparato genital femenino | ||
| 653 | _aMama | ||
| 653 | _aSistema endócrino | ||
| 653 | _aPiel | ||
| 653 | _aHuesos, articulaciones y tumores de partes blandas | ||
| 653 | _aNervio periférico y músculo esquelético | ||
| 653 | _aSistema nervioso central | ||
| 653 | _aOjo | ||
| 700 | 1 |
_aKumar, Vinay _9127 |
|
| 700 | 1 |
_aAbbas, Abul K. _949 |
|
| 700 | 1 |
_aAster, Jon C. _950 |
|
| 942 |
_2ddc _cBK |
||
| 999 |
_c2237 _d2237 |
||